[Event "BCF-chT4 2223 (4NCL)"]
[Site "England"]
[Date "2023.05.01"]
[Round "11.31"]
[White "Foley, John P"]
[Black "Duncan, Patrick"]
[Result "0-1"]
[WhiteElo "2042"]
[BlackElo "2068"]
[PlyCount "145"]
[EventDate "2022.11.05"]
[EventType "team-swiss"]
[EventRounds "11"]
[EventCountry "ENG"]
[SourceTitle "EXT 2024"]
[Source "ChessBase"]
[SourceDate "2023.10.10"]
[SourceVersion "1"]
[SourceVersionDate "2023.10.10"]
[SourceQuality "1"]
[WhiteTeam "Kingston II"]
[BlackTeam "MASCeteers"]
[WhiteTeamCountry "ENG"]
[BlackTeamCountry "ENG"]

1. d4 Nf6 2. Nf3 e6 3. e3 c5 4. Bd3 cxd4 5. exd4 Be7 6. 0-0 0-0 7. Re1 b6 8. Bg5 Bb7 9. Nbd2 d6 10. c4 Nbd7 11. Qe2 Rc8 12. Rac1 Nh5 13. Bxe7 Qxe7 14. Qe3 Rfe8 15. b4 a6 16. a4 g6 17. Nb3 Qf6 18. Nfd2 Qf4 19. a5 Rb8 20. axb6 Nxb6 21. Bf1 Qxe3 22. fxe3 Rec8 23. Ra1 Rc7 24. e4 e5 25. d5 Nd7 26. g3 Bc8 27. b5 axb5 28. cxb5 Nb6 29. Na5 Ra8 30. Nc6 Rxa1 31. Rxa1 Nf6 32. h3 Kf8 33. Kf2 Nfd7 34. g4 h6 35. Ke3 Nc5 36. Be2 f5 37. Bf3 fxe4 38. Bxe4 Kg7 39. Bg2 Ncd7 40. Nb1 Kf6 41. Nc3 Nc5 42. Ne4+ Nxe4 43. Bxe4 Bd7 44. Kd3 Be8 45. h4 Bf7 46. Ra6 Nxd5 47. Bxd5 Bxd5 48. Kc3 Bxc6 49. bxc6 d5 50. Kb4 Ke6 51. Kc5 d4 52. Ra8 d3 53. Rd8 e4 54. Kb6 Rf7 55. c7 Rxc7 56. Kxc7 Ke5 57. Kc6 Kf4 58. Kc5 e3 59. Rxd3 e2 60. Rd4+ Kf3 61. Rd3+ Kf2 62. Rd2 Kf1 63. Rxe2 Kxe2 64. Kd4 Kf3 65. g5 hxg5 66. hxg5 Kf4 67. Kd3 Kxg5 68. Ke3 Kg4 69. Kf2 Kh3 70. Kg1 Kg3 71. Kh1 g5 72. Kg1 g4 73. Kh1 0-1

[Event "Birmingham op"]
[Site "Birmingham"]
[Date "2022.11.19"]
[Round "2"]
[White "Duncan, Patrick"]
[Black "Whitmore, Darren H"]
[Result "1-0"]
[WhiteElo "2088"]
[BlackElo "1859"]
[PlyCount "45"]
[EventDate "2022.11.19"]
[EventType "swiss"]
[EventRounds "5"]
[EventCountry "ENG"]
[SourceTitle "CBM 211 Extra"]
[Source "ChessBase"]
[SourceDate "2023.01.31"]
[SourceVersion "1"]
[SourceVersionDate "2023.01.31"]
[SourceQuality "1"]

1. b3 e5 2. Bb2 d6 3. e3 Be6 4. d4 f6 5. d5 Bf7 6. Nc3 f5 7. Qd2 Nf6 8. 0-0-0 Be7 9. Kb1 0-0 10. h3 Nbd7 11. g4 Nb6 12. Bg2 g6 13. gxf5 gxf5 14. Nge2 Qd7 15. Rhg1 Kh8 16. f4 Bg6 17. Ng3 Nh5 18. Bf3 Nxg3 19. Rxg3 Bf6 20. h4 e4 21. h5 Bf7 22. Nxe4 Bxb2 23. Kxb2 1-0

[Event "Krakow op-B"]
[Site "Krakow"]
[Date "2022.07.02"]
[Round "9"]
[White "Duncan, Patrick"]
[Black "Szczurek, Krzysztof"]
[Result "1/2-1/2"]
[WhiteElo "2015"]
[BlackElo "2151"]
[PlyCount "64"]
[EventDate "2022.06.25"]
[EventType "swiss"]
[EventRounds "9"]
[EventCountry "POL"]
[SourceTitle "EXT 2023"]
[Source "ChessBase"]
[SourceDate "2022.10.05"]
[SourceVersion "1"]
[SourceVersionDate "2022.10.05"]
[SourceQuality "1"]

1. b3 d5 2. Bb2 c5 3. e3 Nc6 4. Bb5 Nf6 5. Bxc6+ bxc6 6. Nf3 Bg4 7. h3 Bf5 8. d3 h6 9. Ne5 Qc7 10. Nd2 e6 11. f4 Bd6 12. Qe2 0-0 13. 0-0-0 Nd7 14. Nxd7 Qxd7 15. e4 Bh7 16. e5 Be7 17. g4 a5 18. a4 Rab8 19. h4 Rb4 20. Rdf1 Rfb8 21. Rh3 Bf8 22. g5 Bf5 23. Rg3 g6 24. h5 hxg5 25. fxg5 Bg7 26. h6 Bh8 27. Ba3 Qc7 28. Re1 Qb6 29. Qe3 Kh7 30. Kd1 Kg8 31. Kc1 Kh7 32. Kd1 Kg8 1/2-1/2

[Event "ENG-ch Chessable"]
[Site "Kenilworth"]
[Date "2022.05.22"]
[Round "7"]
[White "Duncan, Patrick"]
[Black "Zheng, Harry Z"]
[Result "1-0"]
[WhiteElo "2013"]
[BlackElo "1915"]
[PlyCount "123"]
[EventDate "2022.05.19"]
[EventType "swiss"]
[EventRounds "7"]
[EventCountry "ENG"]
[SourceTitle "CBM 208 Extra"]
[Source "ChessBase"]
[SourceDate "2022.07.31"]
[SourceVersion "1"]
[SourceVersionDate "2022.07.31"]
[SourceQuality "1"]

1. b3 e5 2. Bb2 Nc6 3. e3 Nf6 4. Nf3 Bd6 5. d4 exd4 6. exd4 0-0 7. Be2 Re8 8. 0-0 Bf8 9. d5 Nb4 10. c4 a5 11. a3 Na6 12. Bd3 d6 13. h3 Bd7 14. Bc2 g6 15. Nc3 Bg7 16. Qd2 Qc8 17. Kh2 Bf5 18. Rfe1 Bxc2 19. Rxe8+ Qxe8 20. Qxc2 Nd7 21. Re1 Ne5 22. Nxe5 Bxe5+ 23. Kh1 Qd7 24. f4 Bxf4 25. Ne4 Kf8 26. Nf6 Qf5 27. Nxh7+ Kg8 28. Nf6+ Kf8 29. Qxf5 gxf5 30. Rf1 Be5 31. Bxe5 dxe5 32. Nd7+ Ke7 33. Nxe5 Kf6 34. Nd3 Re8 35. Rf3 Kg5 36. Kh2 Re2 37. Kg3 Re4 38. a4 Rd4 39. Kf2 Re4 40. g3 Rd4 41. Re3 Re4 42. Kf3 Rd4 43. Ke2 Kf6 44. Rf3 Kg5 45. Rf4 Rxf4 46. gxf4+ Kh4 47. c5 Nb8 48. d6 cxd6 49. cxd6 Kg3 50. Ke3 Nc6 51. d7 f6 52. Nb2 Nd8 53. Nc4 Ne6 54. Nxa5 Nxf4 55. d8Q Ng2+ 56. Ke2 f4 57. Qxf6 Nh4 58. Qg5+ Kh2 59. Qxh4 Kg1 60. Qf2+ Kh1 61. Kf1 f3 62. Qg1# 1-0

[Event "ENG-ch Chessable"]
[Site "Kenilworth"]
[Date "2022.05.20"]
[Round "4"]
[White "Herring, Samuel"]
[Black "Duncan, Patrick"]
[Result "0-1"]
[WhiteElo "1900"]
[BlackElo "2013"]
[PlyCount "174"]
[EventDate "2022.05.19"]
[EventType "swiss"]
[EventRounds "7"]
[EventCountry "ENG"]
[SourceTitle "CBM 208 Extra"]
[Source "ChessBase"]
[SourceDate "2022.07.31"]
[SourceVersion "1"]
[SourceVersionDate "2022.07.31"]
[SourceQuality "1"]

1. Nf3 Nf6 2. g3 b6 3. Bg2 Bb7 4. 0-0 c5 5. d3 e6 6. e4 d6 7. c4 Be7 8. b3 0-0 9. Bb2 Nc6 10. Nc3 a6 11. Re1 Qc7 12. d4 cxd4 13. Nxd4 Nxd4 14. Qxd4 Rfd8 15. Rad1 Bc6 16. a4 Rac8 17. g4 Ne8 18. Qe3 Bb7 19. Ne2 Bf6 20. Nd4 g6 21. h4 Bg7 22. h5 e5 23. Nc2 b5 24. h6 Bh8 25. axb5 axb5 26. Na3 bxc4 27. Nxc4 Rb8 28. Ba3 Ba6 29. Bf1 Bxc4 30. Bxc4 Qe7 31. Rd3 Bf6 32. Bc1 Nc7 33. g5 Bh8 34. Qa7 Ra8 35. Qb7 Rab8 36. Qc6 Ne6 37. Rg3 Rdc8 38. Qd5 Nd4 39. Ba3 Rb6 40. Rd1 Rd8 41. Kf1 Ne6 42. Bc1 Rbb8 43. Be3 Rbc8 44. Rf3 Rd7 45. b4 Nc7 46. Qc6 Rf8 47. b5 Ne6 48. Rg3 Nd4 49. Qd5 Rc7 50. Bxd4 exd4 51. Bd3 Rc5 52. Qb3 Be5 53. Rf3 Qxg5 54. Bc4 Qxh6 55. b6 Rcc8 56. b7 Rb8 57. Bd5 Kg7 58. Qd3 Qg5 59. Ra1 Qe7 60. Qb5 Qc7 61. Rfa3 d3 62. Rd1 Qc2 63. Qxd3 Qc5 64. Ra8 f5 65. Rxb8 fxe4 66. Rxf8 exd3 67. b8Q Qxd5 68. f3 d2 69. Ke2 Qc4+ 70. Kxd2 Bc3+ 71. Ke3 Qc5+ 72. Ke2 Qe5+ 73. Kd3 Qd4+ 74. Kc2 Qc4 75. Rg8+ Kh6 76. Rh1+ Kg5 77. Rc8 Qe2+ 78. Kxc3 Qxf3+ 79. Kd4 Qxh1 80. Qxd6 Qd1+ 81. Ke5 Qe2+ 82. Kd5 Qd3+ 83. Kc6 Qa6+ 84. Kd7 Qxd6+ 85. Kxd6 Kf4 86. Rf8+ Ke4 87. Ke6 g5 0-1

[Event "ENG-ch Chessable"]
[Site "Kenilworth"]
[Date "2022.05.19"]
[Round "1"]
[White "Duncan, Patrick"]
[Black "Wadsworth, Matthew J"]
[Result "0-1"]
[WhiteElo "2013"]
[BlackElo "2432"]
[PlyCount "64"]
[EventDate "2022.05.19"]
[EventType "swiss"]
[EventRounds "7"]
[EventCountry "ENG"]
[SourceTitle "CBM 208 Extra"]
[Source "ChessBase"]
[SourceDate "2022.07.31"]
[SourceVersion "1"]
[SourceVersionDate "2022.07.31"]
[SourceQuality "1"]

1. b3 e5 2. Bb2 Nc6 3. e3 Nf6 4. Nf3 e4 5. Nd4 Bc5 6. Nxc6 dxc6 7. d4 Bd6 8. Be2 h5 9. c4 Bf5 10. Nc3 h4 11. h3 Rh6 12. d5 c5 13. Nb5 Rg6 14. Nxd6+ Qxd6 15. Kf1 Rg5 16. a3 Nd7 17. Bg4 Qg6 18. Bxf5 Qxf5 19. b4 0-0-0 20. bxc5 Nxc5 21. Bd4 Nd3 22. Ra2 Rg6 23. Qa4 Ra6 24. Qc2 c5 25. dxc6 Rxc6 26. c5 Nxc5 27. Qe2 Nb3 28. Rc2 Nxd4 29. exd4 Rxd4 30. Rxc6+ bxc6 31. Qa6+ Kb8 32. Ke2 Qh5+ 0-1

[Event "Telford 4NCL op 22nd"]
[Site "Telford"]
[Date "2019.07.20"]
[Round "2"]
[White "Duncan, Patrick"]
[Black "Tarr, Steve"]
[Result "1-0"]
[WhiteElo "2018"]
[BlackElo "1686"]
[PlyCount "171"]
[EventDate "2019.07.19"]
[EventType "swiss"]
[EventRounds "5"]
[EventCountry "ENG"]
[SourceTitle "EXT 2020"]
[Source "ChessBase"]
[SourceDate "2019.10.17"]
[SourceVersion "1"]
[SourceVersionDate "2019.10.17"]
[SourceQuality "1"]

1. b3 g6 2. Bb2 Nf6 3. Bxf6 exf6 4. c4 f5 5. Nc3 Bg7 6. g3 b6 7. Bg2 Nc6 8. e3 Bb7 9. Nge2 Na5 10. Bxb7 Nxb7 11. b4 0-0 12. 0-0 a5 13. a3 Nd6 14. Qb3 Ne4 15. Qc2 Qc8 16. f3 Nd6 17. Qb3 Qb7 18. b5 Ne8 19. Rac1 Nf6 20. Nf4 Rfe8 21. Ncd5 d6 22. Nxf6+ Bxf6 23. Nd5 Bg7 24. a4 Re6 25. Kf2 Rae8 26. Qc2 Rc8 27. Rb1 Re5 28. Rfc1 Rce8 29. Qd3 R5e6 30. Rb3 Rb8 31. h3 Rf8 32. Rbb1 Re5 33. Rg1 Rfe8 34. Rh1 Qc8 35. g4 Qd7 36. Kg2 fxg4 37. hxg4 Rg5 38. Kf2 f5 39. gxf5 Rxf5 40. Rbf1 Ref8 41. Ke2 Rg5 42. Rf2 Rff5 43. Kd1 Rh5 44. Rxh5 Rxh5 45. Qe4 Re5 46. Qh4 Rh5 47. Qe7 Qxe7 48. Nxe7+ Kf7 49. Nd5 Rh1+ 50. Ke2 Ra1 51. Rf1 Rxa4 52. Rc1 h5 53. Nxc7 Bf6 54. Nd5 Bd8 55. f4 Ke6 56. e4 Ra3 57. d3 g5 58. fxg5 Bxg5 59. Rg1 Bd8 60. Rg8 Kd7 61. Rg7+ Kc8 62. Rh7 h4 63. Ke3 Bg5+ 64. Kd4 Bd8 65. Ne7+ Bxe7 66. Rxe7 Ra1 67. Kd5 a4 68. Kc6 Kd8 69. Rh7 Rh1 70. Kxd6 Ke8 71. e5 a3 72. e6 Rf1 73. Ra7 Kf8 74. Rxa3 Rf3 75. e7+ Kf7 76. Kc6 Rf6+ 77. Kc7 Kxe7 78. d4 Rf4 79. Re3+ Kf6 80. Kxb6 Rxd4 81. c5 Rg4 82. c6 Rg3 83. Re8 Kf7 84. Rh8 h3 85. c7 Rc3 86. c8Q 1-0

[Event "Telford 4NCL op 22nd"]
[Site "Telford"]
[Date "2019.07.20"]
[Round "3"]
[White "Sowray, Peter John"]
[Black "Duncan, Patrick"]
[Result "1-0"]
[WhiteElo "2334"]
[BlackElo "2018"]
[PlyCount "57"]
[EventDate "2019.07.19"]
[EventType "swiss"]
[EventRounds "5"]
[EventCountry "ENG"]
[SourceTitle "EXT 2020"]
[Source "ChessBase"]
[SourceDate "2019.10.17"]
[SourceVersion "1"]
[SourceVersionDate "2019.10.17"]
[SourceQuality "1"]

1. d4 Nf6 2. c4 e6 3. Nc3 Bb4 4. e3 c5 5. Nge2 d5 6. a3 cxd4 7. axb4 dxc3 8. Nxc3 d4 9. exd4 Nc6 10. Be3 Nxb4 11. Qa4+ Nc6 12. d5 exd5 13. cxd5 Nxd5 14. Rd1 Be6 15. Bc4 0-0 16. Bxd5 Bxd5 17. Rxd5 Qe7 18. 0-0 Rfe8 19. Rfd1 Ne5 20. h3 a6 21. Bf4 b5 22. Qe4 f6 23. Bxe5 fxe5 24. Rd7 Qg5 25. R1d3 Qc1+ 26. Kh2 Rf8 27. Rg3 Qh6 28. Qxe5 g6 29. Ne4 1-0

[Event "GBR-ch Major 103rd"]
[Site "Bournemouth"]
[Date "2016.07.28"]
[Round "4"]
[White "Duncan, Patrick"]
[Black "Ruane, Brendan J"]
[Result "1-0"]
[WhiteElo "2012"]
[BlackElo "1797"]
[PlyCount "50"]
[EventDate "2016.07.25"]
[EventType "swiss"]
[EventRounds "11"]
[EventCountry "ENG"]
[SourceTitle "CBM 173 Extra"]
[Source "ChessBase"]
[SourceDate "2016.08.29"]
[SourceVersion "1"]
[SourceVersionDate "2016.08.29"]
[SourceQuality "1"]

1. b3 e5 2. Bb2 Bd6 3. Na3 c6 4. Nc4 Qe7 5. Nxd6+ Qxd6 6. f4 f6 7. fxe5 fxe5 8. Nf3 Nf6 9. Bxe5 Qe7 10. Bb2 0-0 11. e3 d6 12. Bc4+ Kh8 13. 0-0 Bg4 14. Qe1 Nbd7 15. Qh4 Rae8 16. Ng5 h6 17. h3 d5 18. Bd3 Be6 19. Nxe6 Qxe6 20. Bg6 Re7 21. Rf2 b6 22. Raf1 Ne4 23. Bf5 Qg8 24. d4 Nd2 25. Ba3 Rxe3 1-0

[Event "GBR-ch Major 103rd"]
[Site "Bournemouth"]
[Date "2016.07.27"]
[Round "3"]
[White "Clarke, Brandon GI"]
[Black "Duncan, Patrick"]
[Result "1-0"]
[WhiteElo "2192"]
[BlackElo "2012"]
[PlyCount "55"]
[EventDate "2016.07.25"]
[EventType "swiss"]
[EventRounds "11"]
[EventCountry "ENG"]
[SourceTitle "CBM 173 Extra"]
[Source "ChessBase"]
[SourceDate "2016.08.29"]
[SourceVersion "1"]
[SourceVersionDate "2016.08.29"]
[SourceQuality "1"]

1. e4 c6 2. d4 d5 3. f3 dxe4 4. fxe4 e5 5. Nf3 Be6 6. dxe5 Qxd1+ 7. Kxd1 Nd7 8. Bf4 Ne7 9. Nbd2 Ng6 10. Bg3 0-0-0 11. Ke1 Bb4 12. c3 Ba5 13. Bc4 Bc7 14. Bxe6 fxe6 15. Ng5 Rde8 16. Nc4 b5 17. Nd6+ Bxd6 18. exd6 h6 19. Nf3 e5 20. a4 Kb7 21. Kf2 Nc5 22. axb5 cxb5 23. Ke3 Re6 24. Rhd1 Rd8 25. Rd5 Kb6 26. Nxe5 Nxe5 27. Bxe5 Nb3 28. Ra3 1-0

[Event "BCF-chT2a 1516 (4NCL)"]
[Site "England"]
[Date "2016.03.19"]
[Round "7.238"]
[White "Golding, William"]
[Black "Duncan, Patrick"]
[Result "0-1"]
[WhiteElo "1622"]
[BlackElo "2035"]
[PlyCount "122"]
[EventDate "2015.11.14"]
[EventType "team-tourn"]
[EventRounds "7"]
[EventCountry "ENG"]
[SourceTitle "EXT 2017"]
[Source "ChessBase"]
[SourceDate "2016.10.25"]
[SourceVersion "1"]
[SourceVersionDate "2016.10.25"]
[SourceQuality "1"]
[WhiteTeam "Barbican Youth"]
[BlackTeam "Brown Jack Witney"]
[WhiteTeamCountry "ENG"]
[BlackTeamCountry "ENG"]

1. d4 Nf6 2. Nf3 e6 3. Bf4 Be7 4. e3 Nh5 5. Be5 d6 6. Bg3 Nd7 7. Bd3 h6 8. Nbd2 c5 9. Ne4 Nxg3 10. Nxg3 cxd4 11. Nxd4 Nc5 12. Bb5+ Bd7 13. Bxd7+ Qxd7 14. Qe2 a6 15. a4 Nxa4 16. b3 Nc3 17. Qd3 Rc8 18. 0-0 d5 19. Nge2 Nxe2+ 20. Nxe2 Qc7 21. Rfc1 Bf6 22. Ra2 0-0 23. c4 Rfd8 24. c5 g6 25. b4 Qd7 26. f3 Bg7 27. Rd1 Qc7 28. Rc1 Be5 29. Kf2 h5 30. g3 Qd7 31. Rd1 Qc7 32. Rc1 Bg7 33. Rd2 Bh6 34. f4 Bf8 35. Nc3 Bg7 36. Na4 f5 37. Nb6 Rb8 38. Rdc2 Qc6 39. Rb1 d4 40. Rc4 dxe3+ 41. Qxe3 Re8 42. Rd1 e5 43. Rd6 exf4 44. Qxf4 Qh1 45. Rd2 Qxh2+ 46. Kf3 Qh1+ 47. Kf2 Qe1+ 48. Kg2 Rbd8 49. Rcc2 Rxd2+ 50. Qxd2 Qe4+ 51. Kh2 Be5 52. Qd5+ Qxd5 53. Nxd5 Rd8 54. Rd2 Kf7 55. Kg2 Rd7 56. Rd1 Ke6 57. Ne3 Rxd1 58. Nxd1 Bd4 59. Kf3 g5 60. Ne3 Bxe3 61. Kxe3 Kd5 0-1

[Event "BCF-chT2a 1516 (4NCL)"]
[Site "England"]
[Date "2015.11.15"]
[Round "2.238"]
[White "Duncan, Patrick"]
[Black "Zhou, Yang Jian"]
[Result "1-0"]
[WhiteElo "2035"]
[BlackElo "1945"]
[PlyCount "49"]
[EventDate "2015.11.14"]
[EventType "team-tourn"]
[EventRounds "7"]
[EventCountry "ENG"]
[SourceTitle "CBM 169 Extra"]
[Source "ChessBase"]
[SourceDate "2015.12.18"]
[SourceVersion "1"]
[SourceVersionDate "2015.12.18"]
[SourceQuality "1"]
[WhiteTeam "Brown Jack Witney"]
[BlackTeam "Celtic Tigers"]
[WhiteTeamCountry "ENG"]
[BlackTeamCountry "ENG"]

1. b3 Nf6 2. Bb2 d5 3. e3 Bf5 4. Nf3 c5 5. Bb5+ Nbd7 6. 0-0 a6 7. Be2 Qc7 8. Nh4 Bg6 9. f4 e6 10. c4 dxc4 11. bxc4 Be4 12. Nc3 Bc6 13. d4 Nb6 14. d5 exd5 15. Nxd5 Nbxd5 16. cxd5 Nxd5 17. Nf5 f6 18. Qb3 g6 19. e4 Nxf4 20. Rxf4 gxf5 21. Bxf6 Be7 22. Bh5+ Kd7 23. Rd1+ Kc8 24. Qe6+ Kb8 25. Be5 1-0

[Event "BCF-chT2a 1415 (4NCL)"]
[Site "England"]
[Date "2015.02.14"]
[Round "5.236"]
[White "Duncan, Patrick"]
[Black "LeMoir, David A"]
[Result "0-1"]
[WhiteElo "2011"]
[BlackElo "2115"]
[PlyCount "64"]
[EventDate "2014.11.15"]
[EventType "team-tourn"]
[EventRounds "7"]
[EventCountry "ENG"]
[SourceTitle "EXT 2016"]
[Source "ChessBase"]
[SourceDate "2015.10.08"]
[SourceVersion "1"]
[SourceVersionDate "2015.10.08"]
[SourceQuality "1"]
[WhiteTeam "Brown Jack Witney"]
[BlackTeam "Anglian Avengers"]
[WhiteTeamCountry "ENG"]
[BlackTeamCountry "ENG"]

1. b3 e5 2. Bb2 d6 3. e3 Nf6 4. d3 g6 5. Be2 Bg7 6. c4 0-0 7. Nf3 Qe7 8. Nbd2 Nbd7 9. Qc2 Ne8 10. 0-0 f5 11. Rfe1 g5 12. g3 Bf6 13. h3 Qg7 14. Bf1 e4 15. Bxf6 Nexf6 16. dxe4 Nxe4 17. Nd4 Nxd2 18. Qxd2 Ne5 19. Bg2 f4 20. exf4 gxf4 21. Bd5+ Kh8 22. g4 Bxg4 23. hxg4 Qxg4+ 24. Kf1 f3 25. Bxf3 Nxf3 26. Nxf3 Qh3+ 27. Ke2 Qxf3+ 28. Kf1 Qh1+ 29. Ke2 Rxf2+ 30. Kxf2 Rf8+ 31. Ke3 Qf3+ 32. Kd4 c5# 0-1

[Event "Birmingham 4NCL op 1st"]
[Site "Birmingham"]
[Date "2015.02.01"]
[Round "5"]
[White "Duncan, Patrick"]
[Black "Paterson, Andrew I"]
[Result "1-0"]
[WhiteElo "2022"]
[BlackElo "1974"]
[PlyCount "97"]
[EventDate "2015.01.30"]
[EventType "swiss"]
[EventRounds "5"]
[EventCountry "ENG"]
[SourceTitle "EXT 2023"]
[Source "ChessBase"]
[SourceDate "2022.10.05"]
[SourceVersion "1"]
[SourceVersionDate "2022.10.05"]
[SourceQuality "1"]

1. b3 Nf6 2. Bb2 g6 3. Bxf6 exf6 4. c4 f5 5. Nc3 Bg7 6. g3 0-0 7. Bg2 Re8 8. e3 c6 9. Nge2 Na6 10. 0-0 Nc7 11. Rc1 d6 12. d4 Re7 13. d5 c5 14. a3 Ne8 15. b4 b6 16. b5 a6 17. a4 axb5 18. axb5 Rea7 19. Qc2 Ra3 20. Rb1 Nf6 21. Rfc1 Ng4 22. Rb3 R3a5 23. Bf1 Ne5 24. Nf4 Qd7 25. Qd1 Qa7 26. Kg2 h5 27. Nh3 Ng4 28. Nf4 Qe7 29. Kg1 h4 30. Ng2 hxg3 31. hxg3 Be5 32. Ne2 Ra2 33. Rc2 Ra1 34. Rc1 Qg5 35. f3 Rxc1 36. Qxc1 Ra1 37. Rb1 Rxb1 38. Qxb1 Nxe3 39. f4 Bxf4 40. gxf4 Qg4 41. Qd3 Nxg2 42. Bxg2 Qh4 43. Kf1 Bd7 44. Qh3 Qf6 45. Qc3 Qh4 46. Qa1 f6 47. Qa7 Be8 48. Qb8 Kf7 49. Qxd6 1-0

[Event "London Classic op 5th"]
[Site "London"]
[Date "2013.12.10"]
[Round "4"]
[White "Dror, Levi L"]
[Black "Duncan, Patrick"]
[Result "0-1"]
[WhiteElo "1835"]
[BlackElo "2035"]
[PlyCount "44"]
[EventDate "2013.12.07"]
[EventType "swiss"]
[EventRounds "9"]
[EventCountry "ENG"]
[SourceTitle "CBM 157 Extra"]
[Source "ChessBase"]
[SourceDate "2013.12.19"]
[SourceVersion "1"]
[SourceVersionDate "2013.12.19"]
[SourceQuality "1"]

1. e4 c6 2. d4 d5 3. e5 Bf5 4. Be3 e6 5. Nf3 Qb6 6. b3 Nd7 7. Bd3 Ne7 8. 0-0 Bxd3 9. Qxd3 Nf5 10. c4 Qa6 11. Nbd2 c5 12. Qc3 cxd4 13. Bxd4 Rc8 14. g4 Nxd4 15. Qxd4 Bc5 16. Qf4 Nb6 17. Rfc1 0-0 18. a4 dxc4 19. Nxc4 Nd5 20. Qe4 Be7 21. Ne3 Nc3 22. Qc2 Ne2+ 0-1

[Event "London Classic op 5th"]
[Site "London"]
[Date "2013.12.08"]
[Round "2"]
[White "Duncan, Patrick"]
[Black "Arapalea, Daniel Ionel"]
[Result "0-1"]
[WhiteElo "2035"]
[BlackElo "1814"]
[PlyCount "55"]
[EventDate "2013.12.07"]
[EventType "swiss"]
[EventRounds "9"]
[EventCountry "ENG"]
[SourceTitle "CBM 157 Extra"]
[Source "ChessBase"]
[SourceDate "2013.12.19"]
[SourceVersion "1"]
[SourceVersionDate "2013.12.19"]
[SourceQuality "1"]

1. b4 Nf6 2. Bb2 d6 3. e3 e5 4. c4 g6 5. d3 Bg7 6. Be2 Bd7 7. Nf3 Nc6 8. b5 Ne7 9. 0-0 0-0 10. Nbd2 Re8 11. a4 a5 12. Qc2 b6 13. Nb3 Rc8 14. Rac1 Nf5 15. Rfe1 Bh6 16. Bf1 c6 17. Qb1 c5 18. Rcd1 Qe7 19. h3 Ng7 20. d4 Bf5 21. Qa1 Bc2 22. dxe5 dxe5 23. Bxe5 Ne4 24. Qb2 Bxd1 25. Rxd1 f6 26. Nbd2 Nxd2 27. Bxf6 Nxf3+ 28. gxf3 0-1

[Event "Isle of Man op"]
[Site "Port Erin"]
[Date "2013.09.22"]
[Round "4"]
[White "Fabri, Henrik"]
[Black "Duncan, Patrick"]
[Result "1/2-1/2"]
[WhiteElo "1948"]
[BlackElo "2035"]
[PlyCount "106"]
[EventDate "2013.09.20"]
[EventType "swiss"]
[EventRounds "5"]
[EventCountry "IOM"]
[SourceTitle "EXT 2015"]
[Source "ChessBase"]
[SourceDate "2014.11.20"]
[SourceVersion "1"]
[SourceVersionDate "2014.11.20"]
[SourceQuality "1"]

1. e4 c6 2. d4 d5 3. exd5 cxd5 4. c4 Nf6 5. Nc3 e6 6. Nf3 Bb4 7. a3 Bxc3+ 8. bxc3 0-0 9. Qc2 b6 10. Bd3 dxc4 11. Bxc4 Qc7 12. Bd3 Nbd7 13. 0-0 Bb7 14. Bg5 Bxf3 15. gxf3 h6 16. Be3 Nd5 17. Rfc1 e5 18. Be4 Nxe3 19. fxe3 Rac8 20. Bf5 exd4 21. cxd4 Qxc2 22. Bxc2 g6 23. Bb3 Nf6 24. Kf2 Rfd8 25. Ke2 Kf8 26. Kd3 Ke7 27. Rc3 Rxc3+ 28. Kxc3 Rc8+ 29. Kd3 g5 30. h3 Rc7 31. a4 Ne8 32. h4 Kf6 33. hxg5+ hxg5 34. Bd5 Nd6 35. Rh1 Kg7 36. e4 f6 37. Rg1 Kh6 38. Rh1+ Kg7 39. Rg1 Kh6 40. Be6 Re7 41. Bg4 Rc7 42. e5 Nc4 43. Bf5 g4 44. f4 Nb2+ 45. Ke4 Rc3 46. Rxg4 fxe5 47. fxe5 Nxa4 48. Rh4+ Kg5 49. Rg4+ Kh5 50. Rg7 Rc1 51. Kd5 a5 52. e6 Nc3+ 53. Ke5 Re1+ 1/2-1/2

[Event "Isle of Man op"]
[Site "Port Erin"]
[Date "2013.09.21"]
[Round "3"]
[White "Duncan, Patrick"]
[Black "Gill, Neville BK"]
[Result "1/2-1/2"]
[WhiteElo "2035"]
[BlackElo "2102"]
[PlyCount "56"]
[EventDate "2013.09.20"]
[EventType "swiss"]
[EventRounds "5"]
[EventCountry "IOM"]
[SourceTitle "EXT 2015"]
[Source "ChessBase"]
[SourceDate "2014.11.20"]
[SourceVersion "1"]
[SourceVersionDate "2014.11.20"]
[SourceQuality "1"]

1. b3 e5 2. Bb2 Nc6 3. e3 d6 4. Nf3 e4 5. Nd4 Nxd4 6. Bxd4 Qg5 7. f4 Qg6 8. Na3 a6 9. Nc4 Be7 10. Qe2 Bf6 11. Qf2 Bxd4 12. exd4 Nf6 13. h3 Nd5 14. a3 0-0 15. Ne3 Nxe3 16. dxe3 d5 17. g4 Qb6 18. 0-0-0 c5 19. dxc5 Qxc5 20. Kb2 Bd7 21. Rd4 Rac8 22. Qd2 Bc6 23. Qb4 Qxb4 24. Rxb4 Rc7 25. Be2 Rfc8 26. Bd1 b5 27. Rd4 Kf8 28. h4 a5 1/2-1/2

[Event "Coulsdon Jessie Gilbert 6th"]
[Site "Coulsdon"]
[Date "2013.08.22"]
[Round "7"]
[White "Duncan, Patrick"]
[Black "Healey, Michael W"]
[Result "1-0"]
[WhiteElo "2057"]
[BlackElo "2108"]
[PlyCount "119"]
[EventDate "2013.08.17"]
[EventType "swiss"]
[EventRounds "11"]
[EventCountry "ENG"]
[SourceTitle "CBM 156 Extra"]
[Source "ChessBase"]
[SourceDate "2013.10.22"]
[SourceVersion "1"]
[SourceVersionDate "2013.10.22"]
[SourceQuality "1"]

1. b3 f5 2. Bb2 e6 3. e4 Nf6 4. exf5 exf5 5. Qe2+ Qe7 6. Bxf6 gxf6 7. Nc3 c6 8. 0-0-0 Qxe2 9. Bxe2 d5 10. Bh5+ Kd8 11. Nh3 Bd7 12. Kb2 Bd6 13. Ne2 Na6 14. d4 b5 15. a3 Nc7 16. Nef4 Be8 17. Rhe1 Kd7 18. g3 Rf8 19. Re2 a5 20. Rde1 b4 21. a4 Bxh5 22. Nxh5 Rf7 23. Ng1 c5 24. Nf3 cxd4 25. Kb1 Bc5 26. Nh4 Re8 27. Nf4 Rfe7 28. Rxe7+ Rxe7 29. Rxe7+ Bxe7 30. Nxf5 Bc5 31. Kc1 Ne6 32. Nxd5 Ng5 33. Nf4 Ba7 34. h4 Nf3 35. Kd1 Bb8 36. Ke2 Ng1+ 37. Kd3 Bxf4 38. gxf4 Nh3 39. Kxd4 Nxf2 40. Ne3 h5 41. Nc4 Nh1 42. Kc5 Ng3 43. Ne3 Ne2 44. f5 Nc3 45. Nd5 Ne4+ 46. Kb6 Kd6 47. Ne3 Ke5 48. Kxa5 Kd4 49. Nc4 Kc5 50. Nb2 Nd6 51. Nd3+ Kd4 52. Kxb4 Nxf5 53. a5 Ne7 54. Nf4 f5 55. a6 Ke5 56. Nxh5 Kd4 57. Nf4 Ke3 58. Ne6 Nc6+ 59. Kc5 Nd8 60. Nxd8 1-0